| 000 | 00997pam a2200301 a 4500 | ||
|---|---|---|---|
| 001 | 4380650 | ||
| 003 | MUT | ||
| 005 | 20240606081452.0 | ||
| 008 | 911127s1992 ctua b 001 0 eng c | ||
| 010 | _a 91044123 | ||
| 020 | _a083851054X | ||
| 040 |
_aDNLM/DLC _cMUT _dDLC |
||
| 050 | 0 | 0 |
_aRT120.I5 _bK53 2001. |
| 060 | _aWY 154 K46h | ||
| 082 | 0 | 0 |
_a610.73/61 _220 |
| 100 | 1 | _aKidd, Pamela Stinson. | |
| 245 | 1 | 0 |
_aHigh acuity nursing : _bpreparing for practice in today's health care settings / |
| 260 |
_aNorwalk, Conn. : _bAppleton & Lange, _cc1992. |
||
| 300 |
_axiii, 672 p. : _bill. ; _c28 cm. |
||
| 504 | _aIncludes bibliographical references and index. | ||
| 650 | 0 | _aIntensive care nursing. | |
| 650 | 2 |
_aCritical Care _xmethods. |
|
| 650 | 2 |
_aNursing Process _xmethods. |
|
| 700 | 1 | _aWagner, Kathleen Dorman. | |
| 906 |
_a7 _bcbc _corignew _d1 _eocip _f19 _gy-gencatlg |
||
| 942 |
_2lcc _cBK |
||
| 999 |
_c19132 _d19132 |
||